Metodología del estudio económico-financiero del Plan General de Ordenación / por Rafael Barril Dosset
ISBN:
84-7088-146-9
Descripción Física:
63 p. ; 24 cm
Materias:
Economia -- Metodologia
MARC
| LEADER | 00000nam a2200000Ia 4500 | ||
|---|---|---|---|
| 001 | 17580 | ||
| 008 | 160829s1974 xx 000 0 cat d | ||
| 020 | |a 84-7088-146-9 | ||
| 080 | |a M-5-198 | ||
| 100 | |a Barril Dosset, Rafael |9 28264 | ||
| 245 | |a Metodología del estudio económico-financiero del Plan General de Ordenación / por Rafael Barril Dosset | ||
| 260 | |a Madrid : |b Instituto de Estudios de Administración Local, |c 1974 | ||
| 300 | |a 63 p. ; |c 24 cm | ||
| 490 | |a Investigación en Equipo. Cuadernos de Investigación ; 2 | ||
| 650 | |a Economia |x Metodologia |9 28265 | ||
| 710 | 2 | |a Instituto de Estudios de Administración Local (Espanya) |9 54775 | |
| 901 | |a Arxiu | ||
| 942 | |n 1 | ||
| 952 | |0 0 |1 0 |4 0 |6 M5198 |7 1 |9 44748 |a Arxiu |b Arxiu |d 2016-12-01 |l 0 |o M-5-198 |p 17580 |r 2016-12-01 00:00:00 |w 2016-12-01 |y ARXIU | ||
| 999 | |c 47330 |d 47330 | ||